El Castillo de Piera y los palacios de Barcelona del Real Patrimonio de la Corona de Aragón / (Record no. 136640)

MARC details
000 -LEADER
campo de control de longitud fija 00517nam a2200157 4500
001 - NÚMERO DE CONTROL
campo de control 136640
003 - IDENTIFICADOR DE NÚMERO DE CONTROL
campo de control ES-MaACL
005 - FECHA Y HORA DE LA ÚLTIMA TRANSACCIÓN
campo de control 20230906195204.0
007 - CAMPO FIJO DE DESCRIPCIÓN FÍSICA--INFORMACIÓN GENERAL
campo de control de longitud fija t|
008 - DATOS DE LONGITUD FIJA--INFORMACIÓN GENERAL
campo de control de longitud fija 070214s1946 sp r ||||1| spa d
100 1# - ENTRADA PRINCIPAL--NOMBRE DE PERSONA
Nombre de persona Ruy-Vélez.
9 (RLIN) 101084
245 13 - MENCIÓN DEL TÍTULO
Título El Castillo de Piera y los palacios de Barcelona del Real Patrimonio de la Corona de Aragón /
Mención de responsabilidad, etc. Ruy-Vélez.
260 ## - PUBLICACIÓN, DISTRIBUCIÓN, ETC.
Lugar de publicación, distribución, etc. Barcelona :
Nombre del editor, distribuidor, etc. [s. n.],
Fecha de publicación, distribución, etc. 1946 (
Lugar de fabricación/manufactura Igualada :
Fabricante Pedro Bas)
300 ## - DESCRIPCIÓN FÍSICA
Extensión 100 p., 6 lám. ;
Dimensiones 23 cm.
852 ## - LOCALIZACIÓN
Ubicación ES-MaACL
Número de control de estantería 1862-F-11
Sublocalización o colección R.22925
Holdings
Estatus retirado Estado de pérdida Estado de daño No para préstamo Colección Biblioteca de origen Biblioteca actual Ubicación en estantería Fecha de adquisición Fuente de adquisición Total de préstamos Signatura topográfica completa Código de barras Visto por última vez Precio de reemplazo Tipo de ítem Koha
        Colección de folletos Biblioteca del Ateneo de Madrid Biblioteca del Ateneo de Madrid Depósito folletos 17/01/2008     1862-F-11 1142203 23/02/2023 23/02/2023 Folleto